000 00806nab a2200253 u 4500
001 17862
003 HDC
007 cr bn ---aaaaa
008 210225c mydr|noo 0 a may d
040 _aHDC
100 _aNorhayati Nordin
_eauthor
_917033
245 0 _aLembu: Malaysia minta bantuan
260 _aMalaysia :
_bUtusan Malaysia,
_c2004
336 _atext
_2rdacontent
337 _acomputer
_2rdamedia
338 _aonline resource
_2rdacarrier
650 _aagriculture industry
_92340
650 _ahalal issues
_91644
710 _aUtusan Malaysia
856 _zRequest full-text at [email protected]
942 _2lcc
942 _cNEWS
942 _kNWSO 008786
999 _c15178
_d15178